Hindu Law : (Record no. 181390)

MARC details
000 -LEADER
fixed length control field 01040nam a22002177a 4500
005 - DATE AND TIME OF LATEST TRANSACTION
control field 20210910125315.0
010 ## - LCCN (DPL NO)
LC control number ENG-129909
020 ## - INTERNATIONAL STANDARD BOOK NUMBER
International Standard Book Number 978-93-9121-1134-4
Terms of availability 2995.00
035 ## - SYSTEM CONTROL NUMBER
System control number EN-113441
037 ## - SOURCE OF ACQUISITION
Source of stock number/acquisition DBAD/PUB
082 ## - DEWEY DECIMAL CLASSIFICATION NUMBER
Classification number 340.0917645
100 ## - MAIN ENTRY--PERSONAL NAME
Personal name Dinshaw Fardunji Mulla
245 ## - TITLE STATEMENT
Title Hindu Law :
Statement of responsibility, etc by Dinshaw Fardunji Mulla , Desai, Satyajeet A
Remainder of title In India,Pakistan,Bangladesh Burma,ceylon, Malaysia & Singapore/
250 ## - EDITION STATEMENT
Edition statement 24th ed.
260 ## - PUBLICATION, DISTRIBUTION, ETC. (IMPRINT)
Name of publisher, distributor, etc Lexis Nexis
Place of publication, distribution, etc India
Date of publication, distribution, etc 2021
270 ## - ADDRESS
City Gurgaon
Postal code 122002
Address 14th Floor , Building No 10, Tower-B, DLF Cyber City, phase -ll
Telephone number +91 124 4774444
Fax number +91 124 4774100
Electronic mail address help.in@lexisnexis.com
300 ## - PHYSICAL DESCRIPTION
Extent v.p.
Dimensions 25cm(hbk)
Other physical details vol.1-2
500 ## - GENERAL NOTE
General note vol.1 (The hindu marriage act,1955)<br/>the Hindu succession Act,1956<br/>The Hindu minority & Guadianship Act,1956<br/>The Hindu Adoptions & Maintenance Act,1956<br/><br/><br/><br/><br/><br/><br/><br/><br/><br/><br/><br/><br/><br/><br/><br/><br/><br/><br/><br/><br/><br/><br/><br/><br/><br/><br/><br/><br/><br/><br/><br/><br/><br/><br/><br/><br/><br/><br/><br/><br/><br/><br/><br/><br/><br/><br/>
700 ## - ADDED ENTRY--PERSONAL NAME
Personal name Desai,Satyajeet
942 ## - ADDED ENTRY ELEMENTS (KOHA)
Source of classification or shelving scheme Dewey Decimal Classification
Item type English Books
Classification part 340.0917
Call number suffix DIN
Holdings
Withdrawn status Lost status Not for loan Collection code Home library Current library Date acquired Source of acquisition Cost, normal purchase price Full call number Barcode Copy number Cost, replacement price Koha item type
      Reference Central Library Central Library 10/09/2021 DBAD/PUB 2995.00 340.0917 DIN EN-113441 1 2995.00 English Books

© Delhi Public Library
Hit Counter
free hit counter